| 000 | 02210cam a22004454i 4500 | ||
|---|---|---|---|
| 003 | PE-LiUPU | ||
| 005 | 20250731165423.0 | ||
| 008 | 160118s2014 pe a grm 000 0 spa d | ||
| 035 | _a(Sirsi) a155784 | ||
| 040 |
_aPE-LiUPU _bspa _cPE-LiUPU _erda |
||
| 099 |
_aTEF 2 _bP57 2014 |
||
| 100 | 1 |
_aPillaca Tineo, Mercedes Felicita _eautor |
|
| 245 | 1 |
_aFactores socioeconómico-culturales relacionados con el nivel de práctica de automedicación de los pobladores de pachacútec de Santa Clara, 2013 / _cMercedes Pillaca Tineo. |
|
| 264 | 0 | _c2014. | |
| 300 |
_a113 hojas : _bilustraciones; _c30 cm |
||
| 336 |
_atext _2rdacontent |
||
| 337 |
_aunmediated _2rdamedia |
||
| 338 |
_avolume _2rdacarrier |
||
| 502 |
_aTesis _b(Lic.) -- _cUniversidad Peruana Unión, _d2014. |
||
| 504 | _aIncluye referencias | ||
| 520 | 3 | _aLa presente investigación, tuvo su inicio en la observación inquieta de la investigadora, quien llegó a formularse el siguiente objetivo que orientó la dirección de la investigación: determinar cómo están asociados los factores socioeconómico-culturales y el nivel de práctica de automedicación en los pobladores del AA HH Pachacutec de Santa Cara, en el año 2013. Con relación a la metodología empleada, el tipo de investigación corresponde al descriptivo-correlacional. La muestra estuvo conformada por 160 pobladores, elegidos por el muestreo no probabilístico, quienes practicaban la automedicación de manera muy recurrente. El cuestionario que se les administró constó de 21 ítems referidos a conocer los factores sociales, económicos y culturales y las prácticas de automedicación, el mismo que fue validado por juicio de expertos. | |
| 526 | _aSEG44 | ||
| 526 | _aSEG26 | ||
| 526 | _aP151 | ||
| 526 | _aP150 | ||
| 526 | _aP149 | ||
| 526 | _aP146 | ||
| 526 | _aP145 | ||
| 526 | _aP126 | ||
| 526 | _aP125 | ||
| 526 | _aP92 | ||
| 526 | _aP75 | ||
| 526 | _aP74 | ||
| 526 | _aP27 | ||
| 526 | _aP15 | ||
| 650 | 0 | 4 | _aAutomedicación. |
| 596 | _a1 | ||
| 942 |
_2ddc _cTESIS |
||
| 999 |
_aTEF 2 P57 2014 _wALPHANUM _c8458 _iT01554 _lCCODEBUL3 _mBUL _r1 _sY _tTESIS _u2016-1-18 _xSALUD _PP22 _o.STAFF. Tesis _d8458 |
||
| 980 |
_81 _gALBERTO SANCHEZ Responsable de Automatización |
||